000 00911nam a22002897a 4500
003 CHAP
005 20220817041815.0
008 971013s1985 r 00010 d
010 _a25110
011 _a26082
035 _a30182
040 _cCHAP
090 _aFolleto 10923
110 _aInstituto Interamericano de Cooperación para la Agricultura
245 _aInformación básica de los países miembros del IICA
260 _aSan José, C.R. :
_bEl Instituto,
_c1985
300 _a59 p
590 _aBATCH-UPD
_b10
_c20130110
_lUCH01
_h1038
590 _aBATCH-UPD
_b10
_c20130410
_lUCH01
_h0638
590 _aBATCH-UPD
_b10
_c20130914
_lUCH01
_h0008
590 _aCONVERSION
_b10
_c20130109
_lUCH01
_h1315
650 1 4 _aAgricultura
_xEl Caribe.
_91412
650 1 4 _aAgricultura
_zAmérica Latina.
_91911
901 _aBK
942 _cFOLL
949 _aFolleto 10923
_bBC
_cFOLL
_d-69713
_eTS1
_i30182
_mD
_si
999 _c25110
_d25110